Statistics for Codeword Puzzle #6 - Map Quiz

Click here to take the quiz!

General Stats

  • This quiz has been taken 84 times
  • The average score is 18 of 26

Answer Stats

Answer % Correct
D
91%
E
91%
S
85%
A
85%
I
79%
X
79%
T
79%
R
76%
O
76%
N
74%
P
74%
L
74%
H
74%
Z
71%
F
71%
B
71%
C
68%
Q
68%
U
68%
Y
68%
K
68%
M
59%
V
53%
G
53%
J
38%
W
35%

Score Distribution

Percentile by Number Answered

Percent of People with Each Score

Your Score History

You have not taken this quiz